000 01209cam a22003497a 4500
003 CHAP
005 20220329135623.0
008 971013s1984 r 00010 d
010 _a39423
011 _a40395
035 _a44520
040 _cCHAP
090 _aTesis
100 0 0 _aFilho, José Nunes.
_940864
245 1 3 _aEl mejoramiento de los suelos sódicos y aguas bicarbonatadas, utilizando yeso agrícola en diferentes láminas de aplicación
260 _aChapingo, Méx. :
_bEl autor,
_c1984
300 _a292 h.
_b: gráfs.
502 _aTesis (M. en C. esp. en Hidrociencias) -- CP. Centro de Hidrociencias
590 _aALEPH
_b10
_c20130110
_lUCH01
_h1307
590 _aBATCH-UPD
_b10
_c20130110
_lUCH01
_h1851
590 _aBATCH-UPD
_b10
_c20130410
_lUCH01
_h1220
590 _aBATCH-UPD
_b10
_c20130914
_lUCH01
_h1606
590 _aCONVERSION
_b10
_c20130109
_lUCH01
_h1322
650 1 4 _aSuelos sódicos.
_9110560
650 1 4 _aSuelos
_xLixiviación.
_9110420
650 1 4 _aSuelos
_xMejoramiento.
_9110431
901 _aBK
942 _cFOLL
949 _bBC
_cTES
_d-101922
_eTS1
_i44520
_si
949 _bBC
_cTES
_d-101923
_eTS2
_fc.2
_i44520
_si
949 _bBC
_cTES
_d-101924
_eTS2
_fc.3
_i44520
_si
999 _c39423
_d39423